000 00316cam a22001217a 4500
008 180718b1967 xxu||||| |||| 00| 0 eng d
082 _aB12 P819p
245 _aPopulation of the world
260 _aMadras
_bHigginbothams
_c1967
300 _a274p.
440 _aVoice of America Forum lectures
650 _aPopulation
999 _c491876
_d491876